000
00336nam a2200145Ia 4500
008
191201s2005 xx 000 0 und d
082
_a
621.815
_b
MUM
100
_a
MUBEEN, Abdul
245
0
_a
Machine Design
250
_a
4th
260
_a
N.Delhi
_b
Khanna Publisher
_c
2005
300
_a
1116
650
_a
B.Tech(ME)
942
_2
ddc
_c
BK
999
_c
1900
_d
1900